000
00310 a2200157 4500
001
69062
020
_a
8574881651
040
_c
Anchieta - Itaigara
240
1
0
_a
PinĂ³quio
_l
por
245
1
0
_a
PinĂ³quio
300
_a
16
362
0
_a
0
440
1
_a
Girassol
650
4
_a
Literatura infantil
942
_c
BK
999
_c
69062
_d
69062